00512nam a2200145 a 450000500170000000800410001702000180005805000200007610000210009624500590011726000370017644000220021352001110023565000200034620140412111414.0070705s19uu xx 00 eng d a0-679-88719-9 aERbBe35by 1998 aBerenstain, Stan aThe berenstain bears :bBy the sea /cStan Berenstain. aNew York :bRandom house,c1998. aStep into reading aThe bear family goes to the beach, but before they can swim in the ocean there's a lot of work to be done. aBeaches-fiction